Statistics for Top 5 Songs On DAMN. (Kendrick Lamar)

Click here to take the quiz!

General Stats

  • This quiz has been taken 77 times
  • The average score is 4 of 5

Answer Stats

HintAnswer% Correct
1,828,889,607HUMBLE.
99%
959,075,535DNA.
92%
1,005,453,868LOVE
FEAT. ZACARI.
90%
521,668,031LOYALTY.
FEAT. RIHANNAH.
83%
388,029,634ELEMENT.
79%

Score Distribution

Percentile by Number Answered

Percent of People with Each Score

Your Score History

You have not taken this quiz